Giáo trình công nghệ chế biến sữa và các sản phẩm từ sữa
Salvato in:
| Autore principale: | |
|---|---|
| Natura: | Libro |
| Lingua: | Undetermined |
| Pubblicazione: |
H.
KHKT
2003
|
| Soggetti: | |
| Tags: |
Aggiungi Tag
Nessun Tag, puoi essere il primo ad aggiungerne! !
|
| Thư viện lưu trữ: | Trung tâm Học liệu Trường Đại học Cần Thơ |
|---|
| LEADER | 00541nam a2200181Ia 4500 | ||
|---|---|---|---|
| 001 | CTU_56989 | ||
| 008 | 210402s9999 xx 000 0 und d | ||
| 020 | |b 25000 | ||
| 082 | |a 637.1 | ||
| 082 | |b Th107 | ||
| 100 | |a Lâm Xuân Thanh | ||
| 245 | 0 | |a Giáo trình công nghệ chế biến sữa và các sản phẩm từ sữa | |
| 245 | 0 | |c Lâm Xuân Thanh | |
| 260 | |a H. | ||
| 260 | |b KHKT | ||
| 260 | |c 2003 | ||
| 650 | |a milk production,dairy products | ||
| 980 | |a Trung tâm Học liệu Trường Đại học Cần Thơ | ||